| 000 | 00737nam0a22002531 4500 | ||
|---|---|---|---|
| 001 | v19\rc\1710558 | ||
| 005 | 20250619033739.0 | ||
| 035 | _a(NLR Aleph) 004810473 | ||
| 090 |
_a4923093 _c4923093 |
||
| 100 | _a20061002d1899 |||y0rusy50 ca | ||
| 101 | 0 | _arus | |
| 102 | _aRU | ||
| 105 | _ay z ||||| | ||
| 200 | 1 | _aПреподобный Моисей Угрин | |
| 210 |
_a[Тобольск] _cтип. Епарх. братства _dценз. 1899 |
||
| 215 | _a8 с. | ||
| 309 | _aБез тит. л. и обл. | ||
| 702 | 0 |
_aМоисей Угрин _cсв. _f10-11 в. _4570 |
|
| 801 | 0 |
_aRU _bNLR _gpsbo |
|
| 801 | 0 |
_aRU _bRuMoRGB _2psbo |
|
| 801 | 1 |
_aRU _bProSoft-M _2rusmarc |
|
| 852 |
_aNLR _j20.59.4.433 |
||
| 942 | _cBOOK | ||
| 980 | _aNB | ||